Biblioteca y Centro de Documentación

Macrowikinomics (Registro nro. 24094)

Detalles MARC
000 -CABECERA
Longitud fija campo de control 01548nam a2200469 c 4500
001 - NÚMERO DE CONTROL
Número de control 24094
003 - IDENTIFICADOR DE NÚMERO DE CONTROL
Identificador del número de control ES-MaCES
005 - FECHA Y HORA DE LA ÚLTIMA TRANSACCIÓN
Fecha y hora de la última transacción 20150925134934.0
008 - CAMPO FIJO DE DESCRIPCIÓN FIJA--INFORMACIÓN GENERAL
Códigos de información de longitud fija   111117s2011 sp a t 000 | spa d
017 ## - NÚMERO DE REGISTRO DE DERECHOS DE AUTOR Y DEPÓSITO LEGAL
Número de copyright o de depósito legal B 32435-2011
Agencia que asigna el número DL
020 ## - ISBN (INTERNATIONAL STANDARD BOOK NUMBER)
Número Internacional Normalizado para Libros (ISBN) 9788449325649
035 ## - NÚMERO DE CONTROL DEL SISTEMA
Número de control del sistema CES20110009122m
040 ## - FUENTE DE CATALOGACIÓN
Centro catalogador de origen ES-MaCES
Lengua de catalogación spa
Centro transcriptor ES-MaCES
041 1# - CÓDIGO DE IDIOMA
Código de lengua del texto;banda sonora o título independiente spa
Código de lengua original eng
100 1# - ENCABEZAMIENTO PRINCIPAL--NOMBRE PERSONAL
Nombre de persona Tapscott, Don
9 (RLIN) 24694
245 10 - MENCIÓN DE TÍTULO
Título Macrowikinomics
Resto del título : nuevas fórmulas para impulsar la economía mundial
Mención de responsabilidad, etc. Don Tapscott y Anthony D. Williams ; [traducción de Marta Pino Moreno]
250 ## - MENCIÓN DE EDICIÓN
Mención de edición 1ª ed
260 ## - PUBLICACIÓN, DISTRIBUCIÓN, ETC (PIE DE IMPRENTA)
Lugar de publicación, distribución, etc. Barcelona [etc.]
Nombre del editor, distribuidor, etc. Paidós
Fecha de publicación, distribución, etc. 2011
300 ## - DESCRIPCIÓN FÍSICA
Extensión 592 p.
Dimensiones 22 cm
490 1# - MENCIÓN DE SERIE
Mención de serie Paidós empresa
500 ## - NOTA GENERAL
Nota general Traducción de: Macrowikinomics
500 ## - NOTA GENERAL
Nota general Índices
541 ## - NOTA DE LA FUENTE INMEDIANTE DE ADQUISICIÓN
Forma de adquisición Compra
650 #4 - ASIENTO SECUNDARIO DE MATERIA--TÉRMINO DE MATERIA
Término de materia o nombre geográfico como elemento inicial Internet
9 (RLIN) 30572
650 #4 - ASIENTO SECUNDARIO DE MATERIA--TÉRMINO DE MATERIA
Término de materia o nombre geográfico como elemento inicial tecnología de la información
9 (RLIN) 30104
650 #4 - ASIENTO SECUNDARIO DE MATERIA--TÉRMINO DE MATERIA
Término de materia o nombre geográfico como elemento inicial innovación
9 (RLIN) 28230
650 #4 - ASIENTO SECUNDARIO DE MATERIA--TÉRMINO DE MATERIA
Término de materia o nombre geográfico como elemento inicial globalización económica
9 (RLIN) 30653
650 #4 - ASIENTO SECUNDARIO DE MATERIA--TÉRMINO DE MATERIA
Término de materia o nombre geográfico como elemento inicial crecimiento económico
9 (RLIN) 27094
650 #4 - ASIENTO SECUNDARIO DE MATERIA--TÉRMINO DE MATERIA
Término de materia o nombre geográfico como elemento inicial desarrollo sostenible
9 (RLIN) 30785
650 #4 - ASIENTO SECUNDARIO DE MATERIA--TÉRMINO DE MATERIA
Término de materia o nombre geográfico como elemento inicial capacidad empresarial
9 (RLIN) 30588
650 #4 - ASIENTO SECUNDARIO DE MATERIA--TÉRMINO DE MATERIA
Término de materia o nombre geográfico como elemento inicial repertorio de recomendaciones prácticas
9 (RLIN) 29261
653 10 - TÉRMINO DE INDEXACIÓN--NO CONTROLADO
Término no controlado Condiciones económicas
650 #4 - ASIENTO SECUNDARIO DE MATERIA--TÉRMINO DE MATERIA
9 (RLIN) 30601
Término de materia o nombre geográfico como elemento inicial estrategia empresarial
650 #4 - ASIENTO SECUNDARIO DE MATERIA--TÉRMINO DE MATERIA
9 (RLIN) 29234
Término de materia o nombre geográfico como elemento inicial desarrollo económico y social
700 1# - ENCABEZAMIENTO SECUNDARIO--NOMBRE PERSONAL
Nombre de persona Williams, Anthony D.
9 (RLIN) 26294
700 1# - ENCABEZAMIENTO SECUNDARIO--NOMBRE PERSONAL
Nombre de persona Pino Moreno, Marta
Término indicativo de función tr.
9 (RLIN) 21061
740 02 - ENCABEZAMIENTO SECUNDARIO--TÍTULO ANALÍTICO/RELACIONADO NO CONTROLADO
Título relacionado o analítico no controlado Macrowikinomics
830 #0 - ENCABEZAMIENTO SECUNDARIO DE COLECCIÓN--TÍTULO UNIFORME
Título uniforme Paidós empresa
9 (RLIN) 34615
902 ## - CES. TIPO DE DOCUMENTO
Tipodoc (006$c Sirtex) LIB Libro
942 ## - ELEMENTOS KOHA
Fuente de clasificaión o esquema Clasificación propia del CES
Koha [por defecto] tipo de item Monografías
Parte de clasificación 0.0.
Existencias
Número de registro Signatura completa Tipo de item de Koha
080341 SG-0.0.-54 Monografías
© CES, Consejo Económico y Social de España 2021